Introduction to data compression / (Record no. 188)
[ view plain ]
| 000 -LEADER | |
|---|---|
| fixed length control field | 00760cam a22002412 4500 |
| 001 - CONTROL NUMBER | |
| control field | 0000000332 |
| 005 - DATE AND TIME OF LATEST TRANSACTION | |
| control field | 20151021151046.0 |
| 008 - FIXED-LENGTH DATA ELEMENTS--GENERAL INFORMATION | |
| fixed length control field | 070122s xx 000 0 eng d |
| 020 ## - INTERNATIONAL STANDARD BOOK NUMBER | |
| International Standard Book Number | 1558605584 : |
| Terms of availability | KES 7,240 |
| 040 ## - CATALOGING SOURCE | |
| Original cataloging agency | KABU |
| Transcribing agency | KABU |
| 050 #0 - LIBRARY OF CONGRESS CALL NUMBER | |
| Classification number | TK5102.92 |
| Item number | .S29 2006 |
| 100 1# - MAIN ENTRY--PERSONAL NAME | |
| Personal name | Sayood, Khalid. |
| -- | 0000148466 |
| 245 10 - TITLE STATEMENT | |
| Title | Introduction to data compression / |
| Statement of responsibility, etc. | Khalid Sayood. |
| 250 ## - EDITION STATEMENT | |
| Edition statement | 2nd ed. |
| 260 ## - PUBLICATION, DISTRIBUTION, ETC. (IMPRINT) | |
| Place of publication, distribution, etc. | Boston : |
| Name of publisher, distributor, etc. | Morgan Kaufmann, |
| Date of publication, distribution, etc. | 2006. |
| 300 ## - PHYSICAL DESCRIPTION | |
| Extent | xx, 636 p. |
| 650 #0 - SUBJECT ADDED ENTRY--TOPICAL TERM | |
| Topical term or geographic name as entry element | Data compression. |
| -- | 0000148467 |
| 650 #0 - SUBJECT ADDED ENTRY--TOPICAL TERM | |
| Topical term or geographic name as entry element | Coding theory. |
| -- | 0000148468 |
| 908 ## - PUT COMMAND PARAMETER (RLIN) | |
| Put command parameter | 070122 |
| 950 ## - LOCAL HOLDINGS (RLIN) | |
| -- | 1 |
| Withdrawn status | Lost status | Source of classification or shelving scheme | Not for loan | Home library | Current library | Date acquired | Total Checkouts | Full call number | Barcode | Date last seen | Price effective from | Koha item type |
|---|---|---|---|---|---|---|---|---|---|---|---|---|
| Library of Congress Classification | Kabarak, Main Campus | Kabarak, Main Campus | 17/12/2015 | TK5102.92 .S29 2006 | 009466 | 17/12/2015 | 17/12/2015 | General Collection | ||||
| Library of Congress Classification | Kabarak, Nakuru City Campus | Kabarak, Nakuru City Campus | 21/10/2015 | TK5102.92 .S29 2006 | 005687 | 21/10/2015 | 21/10/2015 | General Collection | ||||
| Library of Congress Classification | Kabarak, Nakuru City Campus | Kabarak, Nakuru City Campus | 21/10/2015 | TK5102.92 .S29 2006 | 005688 | 21/10/2015 | 21/10/2015 | General Collection |